| 000 | 00472cam a22001457a 4500 | ||
|---|---|---|---|
| 008 | 180718b2003 xxu||||| |||| 00| 0 eng d | ||
| 082 | _aAPPPA 2002-03 VAR/37 | ||
| 100 | _aVarun, Sumitra | ||
| 245 |
_aGood governance _cby Sumitra Varun |
||
| 260 |
_aNew Delhi _bIndian Institute of Public Administration _c2003 |
||
| 300 | _a161p. | ||
| 500 | _aAn APPPA M.Phil dissertation, 2002-03 (Guide: R.K. Sachdeva) | ||
| 650 | _aAPPPA | ||
| 650 | _aPublic administration governance | ||
| 999 |
_c492707 _d492707 |
||